000 00783nac a22002537a 4500
001 BR9206300
003 BR-BrBNA
005 20240105121241.0
008 230509b bl.|||m| |||| 00| 0 por d
040 _aBR-BrBNA
_bpor
_cBiblioteca Nacional de Agricultura
072 _aL01
090 _a7110 BR9206300
100 1 _aMoreira, A. dos S.
110 1 _aCoordenadoria de Assistencia Tecnica Integral, Campinas, SP (Brasil)
245 1 _aApicultura
260 3 _aCampinas, SP (Brasil):
_c1991.
300 _a59 p.
490 _aBoletim Tecnico - Coordenadoria de Assistencia Tecnica Integral (Brazil)
_vno. 202
_xISSN 0100-4417
650 _aABELHA
650 _aAPICULTURA
650 _aCOLMEIA
909 _a202312
_bLúcia Elande
_c55
_dLúcia Elande
942 _2AGRIS
_n0
_cMS
999 _c284194
_d284194